| 000 | 00455nam a2200181Ia 4500 | ||
|---|---|---|---|
| 001 | 14459 | ||
| 005 | 20260306164916.0 | ||
| 008 | 260306t2012||||xx |||||||||||||| ||spa|| | ||
| 041 | _aESP | ||
| 082 |
_a515.1 _bE88 T. 3 |
||
| 100 |
_aEspinoza Ramos, Eduardo _eAUT |
||
| 245 | 0 |
_aAnálisis matemático III: _bpara estudiantes de ciencia e ingeniería |
|
| 260 | _c2012 | ||
| 300 |
_a _c |
||
| 650 | _aGEN | ||
| 654 | _aCMA | ||
| 942 |
_cLIB _dJUS _fJUS _2ddc _n |
||
| 999 |
_c14459 _d14459 |
||